| 000 | 00903nam a2200253 i 4500 | ||
|---|---|---|---|
| 001 | 176447 | ||
| 003 | ES-MaACL | ||
| 005 | 20250829131834.0 | ||
| 008 | 110117s1967 sp |||| | spa d | ||
| 080 | _a2:37 | ||
| 080 | _a27-242 | ||
| 100 | 1 |
_aTamisier, Robert. _9144780 |
|
| 245 | 1 | 4 |
_aLos dos últimos siglos del Antiguo Testamento / _cpor R. Tamisier. |
| 260 |
_aMadrid : _bApostolado de la Prensa, _c[1967] |
||
| 300 |
_a20, 20 p. ; _c23 cm. |
||
| 490 | 1 |
_aCuadernos de pedagogía religiosa. Escritura ; _v2-3 |
|
| 630 | 0 | 4 |
_aBiblia. _pA. T.- _xCrítica e interpretación _9119250 |
| 650 | 4 |
_aReligión- _xEnseñanza. _9144779 |
|
| 710 | 2 |
_aApostolado de la Prensa. _91403 |
|
| 830 | 1 | 0 |
_aCuadernos de pedagogía religiosa _v2-3 _9190056 |
| 852 | 4 |
_aES-MaACL _jC-37117(2-3) _xOlim P-1242 |
|
| 852 |
_aES-MaACL _jE-14073(2-3) _xOlim P-1242 |
||
| 999 |
_c176447 _d176447 |
||